书目信息 |
| 题名: |
国际财务管理
|
|
| 作者: | 马杜拉 著 ;杨淑娥 , 张俊瑞 译 | |
| 分册: | ||
| 出版信息: | 大连 东北财经大学出版社 2000 |
|
| 页数: | 703页 | |
| 开本: | 24cm | |
| 丛书名: | 财务管理经典译丛 | |
| 单 册: | ||
| 中图分类: | F811.2 | |
| 科图分类: | ||
| 主题词: | 财务--管理--国际 | |
| 电子资源: | ||
| ISBN: | 7-81044-698-3 | |
| 000 | 00850nam2 2200253 45 | |
| 001 | 0412011488 | |
| 005 | 20041202114811.2 | |
| 010 | @a7-81044-698-3@dCNY64.00 | |
| 100 | @a20041201d2000 km y0chiy0120 ea | |
| 101 | 0 | @achi@ceng |
| 105 | @a z 000yy | |
| 200 | 1 | @a国际财务管理@AGuo Ji Cai Wu Guan Li@dInternational Financial Management@f(美)杰费·马杜拉著@F(Mei)JieFei·Ma Du La Zhu@g杨淑娥,张俊瑞等译 |
| 210 | @a大连@c东北财经大学出版社@d2000 | |
| 215 | @a703页@d24cm | |
| 225 | @a财务管理经典译丛 | |
| 300 | @a本书根据原书International Financial Management第五版翻译 | |
| 410 | @12001 @a财务管理经典译丛 | |
| 606 | 0 | @a财务@x管理@x国际 |
| 690 | @aF811.2@v4 | |
| 701 | @a马杜拉@4著 | |
| 702 | 0 | @a杨淑娥@AYang Shu E@4译 |
| 702 | 0 | @a张俊瑞@AZhang Jun Rui@4译 |
| 801 | @aCN@bTSTCL@c20041201 | |
| 905 | @b336630-632@dF811.2@e28@f3 | |
| 国际财务管理=International Financial Management/(美)杰费·马杜拉著/杨淑娥,张俊瑞等译.-大连:东北财经大学出版社,2000 |
| 703页;24cm.-(财务管理经典译丛) |
| 本书根据原书International Financial Management第五版翻译 |
| ISBN 7-81044-698-3:CNY64.00 |
| ● |
| 相关链接 |
|
|
|
|
正题名:国际财务管理
索取号:F811.2/28
 
预约/预借
| 序号 | 登录号 | 条形码 | 馆藏地/架位号 | 状态 | 备注 |
| 1 | 0336630 | 203366302 | 第一借阅区/ [索取号:F811.2/28] | 在馆 | |
| 2 | 0336631 | 203366311 | 第一借阅区/ [索取号:F811.2/28] | 在馆 | |
| 3 | 0336632 | 203366320 | 第一样本阅览室/ [索取号:F811.2/28] | 在馆 |